Cuestiones ontológicas / (Record no. 186212)

MARC details
000 -LEADER
campo de control de longitud fija 00703nam a2200229 i 4500
001 - NÚMERO DE CONTROL
campo de control 186212
003 - IDENTIFICADOR DE NÚMERO DE CONTROL
campo de control SpMaBN
005 - FECHA Y HORA DE LA ÚLTIMA TRANSACCIÓN
campo de control 20251120063152.0
008 - DATOS DE LONGITUD FIJA--INFORMACIÓN GENERAL
campo de control de longitud fija 160919s2008 sp d |||| | spa d
020 ## - NÚMERO INTERNACIONAL ESTÁNDAR DEL LIBRO
Número Internacional Estándar del Libro 978-84-934014-2-9
080 ## - NÚMERO DE LA CLASIFICACIÓN DECIMAL UNIVERSAL
Número de la Clasificación Decimal Universal 111.1
100 1# - ENTRADA PRINCIPAL--NOMBRE DE PERSONA
Nombre de persona Méndez, José María,
Fechas asociadas al nombre 1929-
9 (RLIN) 160919
245 10 - MENCIÓN DEL TÍTULO
Título Cuestiones ontológicas /
Mención de responsabilidad, etc. José María Méndez.
250 ## - MENCION DE EDICION
Mención de edición 2ª ed. ampl.
260 ## - PUBLICACIÓN, DISTRIBUCIÓN, ETC.
Lugar de publicación, distribución, etc. [Buitrago de Lozoya, Madrid :
Nombre del editor, distribuidor, etc. Estudios de Axiología],
Fecha de publicación, distribución, etc. 2013.
300 ## - DESCRIPCIÓN FÍSICA
Extensión 263 p. :
Otras características físicas gráf. ;
Dimensiones 24 cm.
500 ## - NOTA GENERAL
Nota general Índice.
650 ## - PUNTO DE ACCESO ADICIONAL DE MATERIA--TÉRMINO DE MATERIA
Término de materia o nombre geográfico como elemento de entrada Ontología.
9 (RLIN) 15705
852 ## - LOCALIZACIÓN
Ubicación ES-MaACL
Número de control de estantería A-13791
itemnumber 193267
Sublocalización o colección R.150918
Ubicación en estantería Depósito 1
Signatura antigua Olim: N-6791
942 ## - ELEMENTOS DE ENTRADA SECUNDARIOS (KOHA)
Fuente del sistema de clasificación o colocación Clasificación decimal universal
Holdings
Estatus retirado Estado de pérdida Fuente del sistema de clasificación o colocación Estado de daño No para préstamo Biblioteca de origen Biblioteca actual Ubicación en estantería Fecha de adquisición Fuente de adquisición Total de préstamos Signatura topográfica completa Código de barras Visto por última vez Precio de reemplazo Tipo de ítem Koha
    Clasificación decimal universal     Biblioteca del Ateneo de Madrid Biblioteca del Ateneo de Madrid Depósito 1 19/09/2016 Donación   A-13791 1196326 23/02/2023 23/02/2023 Libro impreso